000 00890cas a22001935a 4500
001 L149450
008 070613c1963 xxkwr p 0 a0eng
022 1 _a1074-8105
035 _a(Sirsi) u149460
041 0 _aeng
245 _aDispute Resolution Journal
_h[electronic resource]
260 _aNew York
_bAmerican Arbitration Association
_c1993-
520 _aArticles, special reports and news of note on all aspects of arbitration, mediation, negotiation and other alternative dispute resolution processes for members of the American Arbitration Association and individuals.
651 4 _aInternational
690 _aMANAGEMENT-DISPUTE AVOIDANCE, MANAGEMENT AND RESOLUTION-DISPUTE MANAGEMENT AND RESOLUTION-ARBITRATION
856 4 1 _uhttps://www.rics.org/profession-standards/knowledge-and-information-services
_zHow to access eJournals
942 _n0
_2ddc
948 _c08/03/2010
999 _c119261
_d119261